V družstvách podľa možností Spotrebiteľské ceny v 1. štvrťroku
Cenový vývoj na Slovensku podľa údajov Slovenského štatistického úradu. Zvýšenie spotrebiteľských cien v 1. štvrťroku oproti stavu na konci minulého roku v priemere o 10,5 perc. Diferencovaný vývoj cien. Vývoj spotrebiteľských cien v systéme spotrebných družstiev.
Gespeichert in:
| Format: | Buchkapitel |
|---|---|
| Sprache: | Slowakisch |
| Schlagworte: | |
| Tags: |
Keine Tags, Fügen Sie das erste Tag hinzu!
|
MARC
| LEADER | 00000naa a2200000 4500 | ||
|---|---|---|---|
| 001 | r014023 | ||
| 005 | 20221213122806.7 | ||
| 041 | 0 | |a slo | |
| 044 | |a SK | ||
| 245 | 1 | 0 | |a V družstvách podľa možností |b Spotrebiteľské ceny v 1. štvrťroku |
| 520 | |a Cenový vývoj na Slovensku podľa údajov Slovenského štatistického úradu. Zvýšenie spotrebiteľských cien v 1. štvrťroku oproti stavu na konci minulého roku v priemere o 10,5 perc. Diferencovaný vývoj cien. Vývoj spotrebiteľských cien v systéme spotrebných družstiev. | ||
| 610 | 2 | 0 | |a ceny |
| 610 | 2 | 0 | |a ceny maloobchodné |
| 610 | 2 | 0 | |a Slovensko |
| 610 | 2 | 0 | |a 1993 |
| 610 | 2 | 0 | |a družstvá spotrebné |